000
00271nam a22001337a 4500
003
SGT
020
_a
8129100754
082
_a
080
_b
A03J
100
_a
JOSHI, MURLI MANOHAR
245
_a
A HUNDRED HUES
260
_b
RUPA COMPANY
_c
2003
300
_a
358
942
_2
ddc
_c
BK
999
_c
31488
_d
31488